Challenge of the land
| Main Author: | |
|---|---|
| Corporate Author: | |
| Format: | Book |
| Published: |
New York :
Pergamon ,
1969
|
| Subjects: |
MARC
| LEADER | 00000cam a2200000 7i4500 | ||
|---|---|---|---|
| 001 | 0000009097 | ||
| 005 | 20161123.0 | ||
| 040 | |a INS | ||
| 090 | 0 | 0 | |a HD205 1968 |b L58 1969 |
| 100 | 0 | |a Little, Charles E. | |
| 245 | 0 | 0 | |a Challenge of the land |c Charles E. Little |
| 260 | |a New York : |b Pergamon , |c 1969 | ||
| 300 | |a 151p ; |c 23cm. | ||
| 500 | |a Includes bibliography and index | ||
| 650 | 0 | 0 | |a Greenbelts |z united States |
| 650 | 0 | 0 | |a Land use |z United States |
| 650 | 0 | 0 | |a Zoning |z United States |
| 710 | 1 | |a Open Space Action Institute | |
| 999 | |a 0000022427 |b BOOK |c Open Shelf |e Default branch | ||